[Event "27th Summer Universiade in Kazan (Men)"]
[Site "Kazan"]
[Date "2013.07.09"]
[Round "1.24"]
[White "Jurcik, Marian"]
[Black "Olebile, Thato"]
[Result "1-0"]
[LiveChessVersion "1.4.2"]
[BlackElo "2108"]
[WhiteElo "2512"]

1. e4 {[%clk 1:30:56]} e5 {[%clk 1:30:50]} 2. Nf3 {[%clk 1:31:18]} Nc6
{[%clk 1:31:09]} 3. Bb5 {[%clk 1:30:56]} a6 {[%clk 1:31:22]} 4. Ba4
{[%clk 1:30:59]} Nf6 {[%clk 1:31:33]} 5. O-O {[%clk 1:31:05]} Be7
{[%clk 1:31:22]} 6. d3 {[%clk 1:30:42]} b5 {[%clk 1:31:44]} 7. Bb3
{[%clk 1:31:07]} d6 {[%clk 1:29:23]} 8. a4 {[%clk 1:28:35]} Bg4 {[%clk 1:25:02]}
9. c3 {[%clk 1:27:09]} O-O {[%clk 1:23:11]} 10. Re1 {[%clk 1:21:55]} Na5
{[%clk 1:19:32]} 11. Bc2 {[%clk 1:20:33]} c5 {[%clk 1:16:52]} 12. h3
{[%clk 1:19:39]} Bh5 {[%clk 1:15:27]} 13. Nbd2 {[%clk 1:19:46]} Nc6
{[%clk 1:12:34]} 14. Nf1 {[%clk 1:18:14]} Qd7 {[%clk 1:03:25]} 15. Ng3
{[%clk 1:17:56]} Bg6 {[%clk 1:01:04]} 16. Nh4 {[%clk 1:16:25]} Rfe8
{[%clk 0:56:29]} 17. Nhf5 {[%clk 1:13:03]} Bf8 {[%clk 0:55:52]} 18. Bg5
{[%clk 1:05:34]} Qe6 {[%clk 0:46:31]} 19. Ne3 {[%clk 1:02:30]} c4
{[%clk 0:43:36]} 20. Bxf6 {[%clk 1:01:16]} gxf6 {[%clk 0:42:42]} 21. Nd5
{[%clk 1:00:23]} Rac8 {[%clk 0:40:19]} 22. axb5 {[%clk 0:59:19]} axb5
{[%clk 0:40:22]} 23. Qf3 {[%clk 0:55:14]} Bg7 {[%clk 0:38:17]} 24. dxc4
{[%clk 0:55:20]} bxc4 {[%clk 0:37:44]} 25. Ba4 {[%clk 0:55:41]} Red8
{[%clk 0:35:53]} 26. Bxc6 {[%clk 0:54:38]} Rxc6 {[%clk 0:35:55]} 27. Ra7
{[%clk 0:54:45]} Rc5 {[%clk 0:31:55]} 28. Re7 {[%clk 0:48:19]} Qc8
{[%clk 0:25:30]} 29. Rxe5 {[%clk 0:45:43]} Kf8 {[%clk 0:23:24]} 30. Re7
{[%clk 0:41:13]} Qb8 {[%clk 0:17:35]} 31. Nh5 {[%clk 0:40:56]} Re8
{[%clk 0:14:18]} 32. Rxe8+ {[%clk 0:40:21]} Qxe8 {[%clk 0:13:46]} 33. Nxg7
{[%clk 0:40:36]} Qe5 {[%clk 0:14:05]} 34. Nxf6 {[%clk 0:40:25]} Kxg7
{[%clk 0:12:06]} 35. Nd7 {[%clk 0:40:45]} Qg5 {[%clk 0:12:26]} 36. Nxc5
{[%clk 0:41:00]} Qxc5 {[%clk 0:12:48]} 37. Qe3 {[%clk 0:41:14]} Qxe3
{[%clk 0:11:31]} 38. Rxe3 {[%clk 0:41:34]} Kf6 {[%clk 0:11:35]} 39. f4
{[%clk 0:41:54]} h5 {[%clk 0:11:47]} 40. g4 {[%clk 0:41:43]} hxg4
{[%clk 0:11:53]} 41. hxg4 {[%clk 0:42:07]} Ke7 {[%clk 0:12:17]} 42. f5
{[%clk 0:42:26]} Bh7 {[%clk 0:12:41]} 43. Rh3 {[%clk 0:42:42]} 1-0

[Event "27th Summer Universiade 2013 Kazan,Russ"]
[Site "Kazan,Russia"]
[Date "2013.07.09"]
[Round "1.25"]
[White "Nayan, Ahmad Fadzil"]
[Black "Abasov, Nijat"]
[Result "0-1"]
[WhiteElo "2102"]
[BlackElo "2498"]
[PlyCount "120"]
[EventDate "2013.07.09"]

1. d4 Nf6 2. Nf3 e6 3. c4 d5 4. g3 dxc4 5. Bg2 a6 6. O-O Nc6 7. e3 Bd7 8. Ne5
Nxe5 9. dxe5 Nd5 10. Bxd5 exd5 11. Qxd5 Bc6 12. Qd4 Qd5 13. Qxd5 Bxd5 14. f3
O-O-O 15. Nc3 Bc6 16. Kg2 Bc5 17. e4 Rhe8 18. Bf4 h6 19. h4 b5 20. a3 Bd4 21.
Rfd1 a5 22. Rac1 Rd7 23. Rb1 Bxe5 24. Bxe5 Rxe5 25. Rxd7 Kxd7 26. Rd1+ Kc8 27.
Kf2 Re8 28. Ke3 Kb7 29. Rd4 Kb6 30. f4 f5 31. e5 Kc5 32. Rd2 b4 33. Ne2 h5 34.
Rd1 g6 35. Nd4 Be4 36. Rc1 Bd5 37. Nb3+ Kb6 38. Nd2 Kb5 39. Kd4 bxa3 40. bxa3
Rd8 41. Rb1+ Kc6 42. Kc3 Kc5 43. a4 c6 44. Re1 Be6 45. Re3 Rb8 46. Nf3 Rb3+ 47.
Kd2 Bd5 48. Ng5 Kd4 49. Rxb3 cxb3 50. e6 c5 51. e7 Bc6 52. Nf3+ Kd5 53. Kc3
Bxa4 54. Ne5 Kd6 55. Nxg6 Be8 56. Ne5 a4 57. Nd3 Kxe7 58. Nxc5 Kd6 59. Nd3 Kd5
60. Nf2 Bb5 0-1

[Event "27th Summer Universiade 2013 Kazan,Russ"]
[Site "Kazan,Russia"]
[Date "2013.07.09"]
[Round "1.26"]
[White "Nigalidze, Gaioz"]
[Black "Haibayev, Hayrulla"]
[Result "1-0"]
[WhiteElo "2497"]
[BlackElo "2088"]
[PlyCount "74"]
[EventDate "2013.07.09"]

1. d4 Nf6 2. c4 g6 3. Nc3 d5 4. cxd5 Nxd5 5. e4 Nxc3 6. bxc3 Bg7 7. Ba3 O-O 8.
Bc4 b6 9. Nf3 Bb7 10. Qd3 c5 11. O-O Nc6 12. Rad1 Na5 13. Bb5 Qc7 14. Qe2 Rfd8
15. Bb2 Bc6 16. Bd3 Ba4 17. Rc1 Bh6 18. Ra1 Rac8 19. d5 c4 20. Bc2 Bxc2 21.
Qxc2 Nb7 22. Nd4 Rd7 23. Ba3 Bf8 24. Qa4 Nd8 25. Rad1 Bg7 26. g3 Qb7 27. Rfe1
a6 28. h4 b5 29. Qb4 Qb6 30. h5 Be5 31. Qb2 Rb7 32. Qe2 a5 33. hxg6 hxg6 34.
Qg4 Rbc7 35. Bxe7 b4 36. Qg5 Bxd4 37. cxd4 Rd7 1-0

[Event "27th Summer Universiade 2013 Kazan,Russ"]
[Site "Kazan,Russia"]
[Date "2013.07.09"]
[Round "1.27"]
[White "Rajapakse, R M C M."]
[Black "Perez Ponsa, Federico"]
[Result "1/2-1/2"]
[WhiteElo "2075"]
[BlackElo "2488"]
[PlyCount "111"]
[EventDate "2013.07.09"]

1. d4 Nf6 2. c4 e6 3. Nf3 Bb4+ 4. Bd2 c5 5. Bxb4 cxb4 6. e3 O-O 7. Bd3 d6 8.
O-O Qe7 9. Nbd2 b6 10. Qa4 e5 11. Bc2 a5 12. Rfd1 Bd7 13. Qb3 Bc6 14. e4 Na6
15. Qe3 Qc7 16. Nh4 Bd7 17. Rac1 Rfe8 18. Bb1 Rac8 19. Nf1 Nb8 20. h3 Nc6 21.
Nf3 Nh5 22. dxe5 dxe5 23. c5 bxc5 24. Rxc5 Nf4 25. Bc2 Ne6 26. Rc4 Qb7 27. Ba4
Nb8 28. Bb3 Rxc4 29. Bxc4 Qc7 30. b3 Nc6 31. Bxe6 Bxe6 32. Qc5 h6 33. Ne3 Rc8
34. Nd5 Qb8 35. Nb6 Rc7 36. Rc1 Rb7 37. Nc4 Bxc4 38. Rxc4 Rb6 39. Kh2 Ra6 40.
Qd5 Nd4 41. Nxe5 Ne6 42. g3 a4 43. Qd7 Qa7 44. Rc8+ Kh7 45. Qxf7 Qxf7 46. Nxf7
axb3 47. axb3 Nd4 48. Rc4 Nxb3 49. Rxb4 Rf6 50. f4 Nd2 51. Ne5 Ra6 52. Nd3 Ra3
53. Nf2 Nf1+ 54. Kg2 Nxg3 55. e5 Nf5 56. Ne4 1/2-1/2

[Event "27th Summer Universiade 2013 Kazan,Russ"]
[Site "Kazan,Russia"]
[Date "2013.07.09"]
[Round "1.28"]
[White "Ibarra Chami, Luis Fernando"]
[Black "Zulkifli, Muhd Syazwan"]
[Result "1-0"]
[WhiteElo "2482"]
[BlackElo "2063"]
[PlyCount "97"]
[EventDate "2013.07.09"]

1. c4 Nf6 2. Nc3 e6 3. e4 Nc6 4. Nf3 d6 5. d4 Be7 6. Be2 O-O 7. O-O e5 8. d5
Nb8 9. c5 Bg4 10. cxd6 cxd6 11. Nd2 Bxe2 12. Qxe2 Nbd7 13. Nc4 a6 14. b4 Rc8
15. Bd2 Ne8 16. Na5 Rc7 17. b5 Bg5 18. bxa6 Bxd2 19. Qxd2 bxa6 20. Nc6 Qh4 21.
g3 Qh3 22. Na4 g6 23. Rac1 Kg7 24. f4 Nef6 25. fxe5 Nxe5 26. Nxe5 Rxc1 27. Rxc1
dxe5 28. Nc5 Qg4 29. Qc3 Re8 30. d6 Nxe4 31. Qc4 Nf6 32. Qxg4 Nxg4 33. Nb7 Nf6
34. Rc7 Nd5 35. Rc6 Nf6 36. Rxa6 Nd7 37. Rc6 Kf6 38. a4 Ke6 39. a5 Ra8 40. Kf2
f5 41. Ke3 g5 42. Rc7 f4+ 43. Kf3 h5 44. gxf4 exf4 45. h4 Ne5+ 46. Ke4 f3 47.
Re7+ Kf6 48. Rxe5 g4 49. d7 1-0

[Event "27th Summer Universiade 2013 Kazan,Russ"]
[Site "Kazan,Russia"]
[Date "2013.07.09"]
[Round "1.29"]
[White "David Emanuel, Giron Chavez"]
[Black "Petenyi, Tamas"]
[Result "1/2-1/2"]
[WhiteElo "2062"]
[BlackElo "2480"]
[PlyCount "96"]
[EventDate "2013.07.09"]

1. e4 c5 2. Nf3 Nc6 3. d4 cxd4 4. Nxd4 Qb6 5. Nb3 Nf6 6. Nc3 e6 7. Bd3 Be7 8.
Qe2 d6 9. Bd2 a6 10. O-O-O Qc7 11. g4 b5 12. g5 Nd7 13. f4 Bb7 14. Rhe1 Nb6 15.
Be3 Nb4 16. Bxb5+ Kf8 17. Bd3 Rc8 18. Kb1 Nd7 19. h4 Nc5 20. Nxc5 dxc5 21. Bc4
Nc6 22. f5 Nd4 23. Qf2 exf5 24. exf5 f6 25. Bf4 Qb6 26. Nd5 Bxd5 27. Bxd5 Rd8
28. Be6 Nxe6 29. fxe6 Rxd1+ 30. Rxd1 Qxe6 31. Re1 Qd7 32. gxf6 gxf6 33. Bh6+
Kf7 34. Qf3 Kg6 35. Bf4 h5 36. Rg1+ Kf7 37. Qb3+ Ke8 38. Qg3 Qg4 39. Qf2 Qf5
40. Re1 Rh7 41. Qg3 Qg4 42. Qf2 Qf5 43. Qd2 Qd7 44. Qe2 Qg4 45. Qf2 Qf5 46. Qd2
Qd7 47. Qe2 Qg4 48. Qf2 Qf5 1/2-1/2

[Event "27th Summer Universiade 2013 Kazan,Russ"]
[Site "Kazan,Russia"]
[Date "2013.07.09"]
[Round "1.30"]
[White "Sato, Kaname"]
[Black "Atabayev, Maksat"]
[Result "0-1"]
[WhiteElo "2038"]
[BlackElo "2460"]
[PlyCount "90"]
[EventDate "2013.07.09"]

1. e4 c5 2. Nc3 Nc6 3. g3 g6 4. Bg2 Bg7 5. d3 e6 6. Be3 Nd4 7. f4 Ne7 8. Nf3 d6
9. O-O O-O 10. e5 Nef5 11. Bf2 Nxf3+ 12. Bxf3 dxe5 13. fxe5 Bxe5 14. Bxc5 Bd4+
15. Bxd4 Qxd4+ 16. Rf2 Rb8 17. Qe2 b5 18. Qe4 b4 19. Qxd4 Nxd4 20. Nd1 Bd7 21.
a3 Rfc8 22. Ne3 bxa3 23. Rxa3 Rxb2 24. Rxa7 Be8 25. Bd1 Rb1 26. Kg2 f5 27. Bf3
g5 28. g4 Nxf3 29. Kxf3 f4 30. Nc4 Bc6+ 31. Ke2 Bd5 32. h4 f3+ 33. Ke3 gxh4 34.
Nd6 Rf8 35. c4 Ba8 36. Rfa2 Re1+ 37. Kf2 Re2+ 38. Rxe2 fxe2+ 39. Kxe2 Bg2 40.
Ra1 h3 41. Ne4 h2 42. Ng3 Rf4 43. Nh1 Rxg4 44. Kf2 Bc6 45. Rd1 Rg2+ 0-1

[Event "27th Summer Universiade 2013 Kazan,Russ"]
[Site "Kazan,Russia"]
[Date "2013.07.09"]
[Round "1.31"]
[White "Anton, Teodor"]
[Black "Abrantes, Persson"]
[Result "1-0"]
[WhiteElo "2438"]
[BlackElo "2017"]
[PlyCount "171"]
[EventDate "2013.07.09"]

1. Nf3 Nf6 2. c4 g6 3. d4 Bg7 4. g3 O-O 5. Bg2 d6 6. O-O Bg4 7. h3 Bd7 8. Nc3
Nc6 9. d5 Na5 10. Nd2 c5 11. Qc2 Rb8 12. b3 Qc8 13. Kh2 b5 14. Bb2 bxc4 15.
bxc4 Qa6 16. Nd1 Rb4 17. Bc3 Ba4 18. Qc1 Rb6 19. Qa3 Nb7 20. Rb1 Rb8 21. Kg1
Bxd1 22. Qxa6 Rxa6 23. Rfxd1 Rxa2 24. Ra1 Rxa1 25. Rxa1 a5 26. Be4 Nd7 27. Bxg7
Kxg7 28. Bc2 Nb6 29. Rb1 Nd8 30. Ba4 f5 31. f4 Nf7 32. Kf2 Kf6 33. Bc6 h6 34.
Rb5 a4 35. Rb1 e6 36. Bxa4 exd5 37. cxd5 Ra8 38. Bc6 Ra2 39. Ke1 Na4 40. Rb3
Nb2 41. Bb5 g5 42. Be8 c4 43. Rb7 Nd8 44. Rc7 Ra1+ 45. Kf2 Nd1+ 46. Kg2 c3 47.
Nb3 Rb1 48. Nd4 Ne3+ 49. Kf2 gxf4 50. gxf4 Nxd5 51. Rd7 Nxf4 52. Rxd8 Ke5 53.
Nf3+ Ke6 54. Rc8 Rb2 55. Rxc3 Rxe2+ 56. Kg3 Re4 57. Ra3 Kf6 58. Bc6 Rc4 59. Bb5
Nh5+ 60. Kf2 Rc2+ 61. Ke3 Rb2 62. Bd3 f4+ 63. Ke4 Ke6 64. Nd4+ Kf6 65. Ra5 Ng7
66. Kxf4 Rh2 67. Kg3 Rd2 68. Ra3 Nh5+ 69. Kg4 Ng7 70. Kf3 Ke5 71. Ke3 Rd1 72.
Ra5+ Kf6 73. Nf3 Rh1 74. h4 Rc1 75. Ra4 Ne6 76. Rg4 Nf8 77. Rf4+ Ke7 78. Nd4
Nd7 79. Nf5+ Ke6 80. Nxh6 Ne5 81. Ng4 Nxd3 82. Kxd3 Rh1 83. Nf2 Rh2 84. Ke3 d5
85. Kf3 Ke5 86. Ng4+ 1-0

[Event "27th Summer Universiade 2013 Kazan,Russ"]
[Site "Kazan,Russia"]
[Date "2013.07.09"]
[Round "1.32"]
[White "Gumpo, Thabo"]
[Black "Mammadov, Zaur"]
[Result "0-1"]
[WhiteElo "2015"]
[BlackElo "2437"]
[PlyCount "58"]
[EventDate "2013.07.09"]

1. e4 c6 2. d4 d5 3. Nc3 dxe4 4. Nxe4 Nf6 5. Nxf6+ exf6 6. Bf4 Qb6 7. Bc1 Bd6
8. Nf3 O-O 9. Be2 Bg4 10. O-O Nd7 11. h3 Bh5 12. c3 Rae8 13. Qc2 Bb8 14. b3 Re6
15. Bc4 Bxf3 16. Bxe6 Qc7 17. g3 fxe6 18. Qd3 Bh5 19. f4 c5 20. Be3 cxd4 21.
Bxd4 e5 22. fxe5 Nxe5 23. Bxe5 Qxe5 24. Rf5 Qe8 25. Kh2 Bg6 26. Qd5+ Kh8 27.
Rf2 Qe3 28. Qf3 Re8 29. Rd1 Qxf3 0-1

[Event "27th Summer Universiade 2013 Kazan,Russ"]
[Site "Kazan,Russia"]
[Date "2013.07.09"]
[Round "1.33"]
[White "Atabayev, Yusup"]
[Black "De Mey, Juan Pablo"]
[Result "1-0"]
[WhiteElo "2431"]
[BlackElo "1951"]
[PlyCount "59"]
[EventDate "2013.07.09"]

1. e4 c5 2. Nf3 a6 3. Nc3 Nc6 4. d4 cxd4 5. Nxd4 e5 6. Nf5 d6 7. Ne3 Be6 8.
Ned5 Nge7 9. Be3 Bxd5 10. exd5 Nb8 11. Bd3 g6 12. h4 Bg7 13. h5 f5 14. Bg5 e4
15. Be2 h6 16. Be3 g5 17. Bd4 Bxd4 18. Qxd4 Kf7 19. g4 Nd7 20. gxf5 Nf6 21.
Nxe4 Nxf5 22. Qd3 Qa5+ 23. Nc3 Ne7 24. O-O-O Rac8 25. Kb1 Rc5 26. Ne4 Nxe4 27.
Qxe4 Qc7 28. Rh3 b5 29. Re3 Ke8 30. b4 1-0

[Event "27th Summer Universiade 2013 Kazan,Russ"]
[Site "Kazan,Russia"]
[Date "2013.07.09"]
[Round "1.34"]
[White "Kokome, Oaitse"]
[Black "Rzayev, Bahruz"]
[Result "0-1"]
[WhiteElo "1931"]
[BlackElo "2429"]
[PlyCount "66"]
[EventDate "2013.07.09"]

1. g3 e5 2. Bg2 d5 3. d3 c6 4. Nf3 Bd6 5. Nc3 Ne7 6. e4 f5 7. exd5 cxd5 8. Bg5
d4 9. Bxe7 Bxe7 10. Nxe5 Bf6 11. Qh5+ g6 12. Nxg6 hxg6 13. Qxg6+ Kf8 14. Nd5
Bg7 15. f4 Nc6 16. O-O Rh6 17. Qg5 Be6 18. Qxd8+ Rxd8 19. Nc7 Bf7 20. Nb5 Nb4
21. Na3 Rb6 22. b3 Ra6 23. Nc4 Nxc2 24. Bxb7 Bxc4 25. bxc4 Rb6 26. Rab1 Nb4 27.
Bg2 Nxd3 28. Rxb6 axb6 29. Rb1 Nc5 30. Rxb6 d3 31. Bd5 d2 32. Rb1 Re8 33. Kf1
Bc3 0-1

[Event "27th Summer Universiade 2013 Kazan,Russ"]
[Site "Kazan,Russia"]
[Date "2013.07.09"]
[Round "1.35"]
[White "Sarenac, Ivan"]
[Black "Chaulagain, Purushottam"]
[Result "1-0"]
[WhiteElo "2410"]
[BlackElo "1923"]
[PlyCount "73"]
[EventDate "2013.07.09"]

1. e4 c5 2. Nc3 Nc6 3. Bb5 Nf6 4. Bxc6 dxc6 5. d3 Bg4 6. f3 Bd7 7. f4 Bg4 8.
Qd2 h5 9. f5 h4 10. h3 Bh5 11. Qf2 c4 12. Qxh4 cxd3 13. g4 Qd4 14. gxh5 O-O-O
15. Nf3 Qb6 16. cxd3 Rxd3 17. Ne5 Rxc3 18. bxc3 Qa5 19. Bf4 Qxc3+ 20. Ke2 Rxh5
21. Qe1 Qc2+ 22. Kf3 e6 23. Rh2 Qa4 24. Nxf7 Bb4 25. Qd1 Qa3+ 26. Qb3 exf5 27.
e5 Nd5 28. Qxa3 Bxa3 29. h4 Kd7 30. Rg1 Bf8 31. Rg5 Rh7 32. Rxf5 Ke6 33. Ng5+
Kxf5 34. Nxh7 Nxf4 35. Nxf8 c5 36. e6 Nd5 37. Rg2 1-0

[Event "27th Summer Universiade 2013 Kazan,Russ"]
[Site "Kazan,Russia"]
[Date "2013.07.09"]
[Round "1.36"]
[White "Akunov, Maskat"]
[Black "Mazur, Stefan"]
[Result "1-0"]
[WhiteElo "1882"]
[BlackElo "2409"]
[PlyCount "83"]
[EventDate "2013.07.09"]

1. d4 Nf6 2. Bg5 Ne4 3. Bf4 c5 4. f3 Qa5+ 5. c3 Nf6 6. d5 d6 7. e4 g6 8. Bd3
Nbd7 9. a4 Ne5 10. Bb5+ Bd7 11. Na3 Bg7 12. Bxe5 dxe5 13. Nc4 Qd8 14. Nxe5 Bxb5
15. axb5 O-O 16. Qe2 a6 17. bxa6 Nh5 18. Nc4 b5 19. Ne3 b4 20. Qd2 bxc3 21.
bxc3 Qb6 22. Ne2 Rxa6 23. O-O Rfa8 24. Rxa6 Rxa6 25. Nc4 Qb3 26. Qd3 Ra2 27.
Rb1 Qc2 28. Rb8+ Bf8 29. Qxc2 Rxc2 30. Kf1 Kg7 31. e5 Rxe2 32. Kxe2 Nf4+ 33.
Kd2 Nxd5 34. Nb6 Nf4 35. Nd7 Ne6 36. Ke3 f5 37. Rc8 Kf7 38. Nxf8 Nxf8 39. Rxc5
Nd7 40. Rb5 g5 41. g3 Ke6 42. f4 1-0

[Event "27th Summer Universiade 2013 Kazan,Russ"]
[Site "Kazan,Russia"]
[Date "2013.07.09"]
[Round "1.38"]
[White "Mooketsi, David"]
[Black "Lapcevic, Milos"]
[Result "1-0"]
[WhiteElo "1847"]
[BlackElo "2403"]
[PlyCount "92"]
[EventDate "2013.07.09"]

1. d4 Nf6 2. c4 e6 3. Nc3 Bb4 4. Qc2 O-O 5. a3 Bxc3+ 6. Qxc3 Qe8 7. Nf3 b6 8.
e3 Bb7 9. Be2 Ne4 10. Qc2 f5 11. O-O Rf6 12. b4 Rh6 13. d5 e5 14. Bd3 d6 15.
Bxe4 fxe4 16. Qxe4 Bc8 17. c5 Qh5 18. cxd6 cxd6 19. Qc4 Bg4 20. e4 Rg6 21. Ne1
Nd7 22. f3 Bh3 23. Kh1 Nf6 24. gxh3 Qxh3 25. Rg1 Nh5 26. Rxg6 hxg6 27. Kg1 Rc8
28. Qf1 Qh4 29. Qf2 Qf6 30. Bd2 Nf4 31. Bxf4 Qxf4 32. Nd3 Qg5+ 33. Qg2 Qe3+ 34.
Nf2 Rc1+ 35. Rxc1 Qxc1+ 36. Qf1 Qxa3 37. Kg2 Qxb4 38. Qa6 Qa5 39. Qc8+ Kh7 40.
Qh3+ Kg8 41. Qe6+ Kh7 42. Qxd6 Qd2 43. Qxe5 a5 44. d6 a4 45. Qe7 a3 46. d7 a2
1-0

[Event "27th Summer Universiade 2013 Kazan,Russ"]
[Site "Kazan,Russia"]
[Date "2013.07.09"]
[Round "1.39"]
[White "Ferreira, Jorge Viterbo"]
[Black "Hwang, Sungjae"]
[Result "1-0"]
[WhiteElo "2401"]
[BlackElo "1830"]
[PlyCount "89"]
[EventDate "2013.07.09"]

1. Nf3 d5 2. d4 e6 3. c4 f5 4. Bf4 Nf6 5. e3 c6 6. Bd3 Bd6 7. Bxd6 Qxd6 8. Nbd2
Ne4 9. Ne5 O-O 10. f4 Nd7 11. O-O Nxd2 12. Qxd2 Nxe5 13. fxe5 Qe7 14. cxd5 exd5
15. b4 a6 16. a4 Bd7 17. Rab1 Rac8 18. Qc2 Qg5 19. Rf4 g6 20. Qc5 Rce8 21. Qb6
Bc8 22. b5 axb5 23. axb5 Re6 24. Rc1 Qe7 25. Rc5 Qd8 26. Qxd8 Rxd8 27. Rf1 Bd7
28. bxc6 bxc6 29. Ra1 Rb8 30. Ra7 Be8 31. Kf2 Rb3 32. Bc2 Rb2 33. Ke1 Rb4 34.
Kd2 h6 35. Kc3 Rb6 36. Rca5 Kf8 37. Rh7 Re7 38. Rxh6 Reb7 39. Rh8+ Ke7 40. Ra8
Rb8 41. Rh7+ Bf7 42. Rxb8 Rxb8 43. g4 Ke6 44. gxf5+ gxf5 45. Rh6+ 1-0

[Event "27th Summer Universiade 2013 Kazan,Russ"]
[Site "Kazan,Russia"]
[Date "2013.07.09"]
[Round "1.40"]
[White "Malgie, Avikaar"]
[Black "Abdyjapar, Asyl"]
[Result "0-1"]
[WhiteElo "1773"]
[BlackElo "2400"]
[PlyCount "66"]
[EventDate "2013.07.09"]

1. e4 c5 2. Nf3 d6 3. d4 cxd4 4. Nxd4 Nf6 5. Nc3 a6 6. Be3 e5 7. Nf3 Be7 8. h3
O-O 9. Be2 Nbd7 10. O-O b5 11. a3 Bb7 12. Nd2 Rc8 13. Nd5 Nxd5 14. exd5 Bxd5
15. Bf3 Bxf3 16. Nxf3 Qc7 17. c3 Qb7 18. Re1 h6 19. g4 f5 20. Nh2 f4 21. Bd2 d5
22. Nf3 Bf6 23. h4 g5 24. hxg5 hxg5 25. Qb1 e4 26. Nd4 Bxd4 27. cxd4 Nf6 28. f3
Qh7 29. Bb4 Rf7 30. Re2 exf3 31. Qxh7+ Rxh7 32. Re5 Rc2 33. Rf5 Rg2+ 0-1

[Event "27th Summer Universiade in Kazan (Men)"]
[Site "Kazan"]
[Date "2013.07.10"]
[Round "2.2"]
[White "Gundavaa, Bayarsaikhan"]
[Black "Alekseev, Evgeny"]
[Result "1/2-1/2"]
[WhiteElo "2516"]
[BlackElo "2714"]
[PlyCount "134"]
[EventDate "2013.??.??"]

1. d4 Nf6 2. c4 e6 3. Nc3 Bb4 4. Qc2 O-O 5. e4 d5 6. e5 Ne4 7. Bd3 c5 8. Nf3
cxd4 9. Nxd4 Nd7 10. Bf4 Ndc5 11. O-O Bxc3 12. bxc3 Bd7 13. Be2 Na4 14. cxd5
exd5 15. c4 Rc8 16. Qb3 Nac3 17. cxd5 Ba4 18. Qxb7 Rc7 19. Qa6 Qxd5 20. Be3
Qxe5 21. Bf3 Rd8 22. Bxe4 Qxe4 23. Qa5 Rdc8 24. Rfe1 Qd5 25. Qxd5 Nxd5 26. Bd2
Rb7 27. Rab1 Rcb8 28. Rxb7 Rxb7 29. Nb3 f6 30. f3 Kf7 31. Rc1 Bxb3 32. Rb1 Rc7
33. Rxb3 Rc2 34. Rd3 Ke6 35. a3 a6 36. h4 g6 37. g3 h5 38. Kf1 Nb6 39. Bf4 Nc4
40. Rd4 a5 41. a4 Ne5 42. Bxe5 fxe5 43. Rd8 Ra2 44. Rg8 Kf7 45. Ra8 Rxa4 46.
Ke2 e4 47. Ra7+ Kf6 48. Ke3 exf3 49. Kxf3 Ra1 50. Ke4 Ra4+ 51. Kf3 Ke5 52. Re7+
Kf6 53. Ra7 Ra2 54. Kf4 Rf2+ 55. Ke4 Rf5 56. Ra6+ Kg7 57. Ra7+ Kh6 58. Ra6 Rb5
59. Ra7 Rb4+ 60. Kf3 a4 61. Kg2 Rc4 62. Kh3 Rg4 63. Kh2 Rd4 64. Kh3 Rg4 65. Kh2
g5 66. Ra6+ Kg7 67. hxg5 h4 1/2-1/2

[Event "27th Summer Universiade in Kazan (Men)"]
[Site "Kazan"]
[Date "2013.07.10"]
[Round "2.3"]
[White "So, Wesley"]
[Black "Jurcik, Marian"]
[Result "1-0"]
[WhiteElo "2708"]
[BlackElo "2512"]
[PlyCount "75"]
[EventDate "2013.??.??"]

1. d4 Nf6 2. c4 e6 3. Nf3 d5 4. Nc3 Be7 5. Bf4 O-O 6. e3 Nbd7 7. Be2 c5 8. cxd5
exd5 9. dxc5 Nxc5 10. O-O Be6 11. Rc1 Qb6 12. Nb5 Ne8 13. Be5 a6 14. Nc3 Nf6
15. Bxf6 Bxf6 16. Nxd5 Bxd5 17. Qxd5 Qxb2 18. Rfe1 Na4 19. Rb1 Qc2 20. Rxb7 Nc3
21. Bd3 Qxf2+ 22. Kxf2 Nxd5 23. Bc4 Nc3 24. e4 Rae8 25. e5 Be7 26. Kf1 a5 27.
e6 f6 28. Rc1 Ne4 29. Bb5 Nd6 30. Bxe8 Nxb7 31. Bf7+ Rxf7 32. exf7+ Kxf7 33.
Rc7 Nd6 34. Nd4 Ke8 35. Nc6 Bf8 36. Nxa5 Nb5 37. Rc8+ Kf7 38. a4 1-0

[Event "27th Summer Universiade in Kazan (Men)"]
[Site "Kazan"]
[Date "2013.07.10"]
[Round "2.4"]
[White "Abasov, Nijat"]
[Black "Li, Chao B"]
[Result "0-1"]
[WhiteElo "2498"]
[BlackElo "2686"]
[PlyCount "98"]
[EventDate "2013.??.??"]

1. d4 Nf6 2. c4 g6 3. Nc3 d5 4. cxd5 Nxd5 5. Bd2 Bg7 6. e4 Nxc3 7. Bxc3 O-O 8.
Qd2 c5 9. d5 Bxc3 10. bxc3 Qd6 11. f4 e5 12. fxe5 Qxe5 13. Bd3 Bg4 14. Nf3 Bxf3
15. gxf3 f5 16. f4 Qd6 17. exf5 c4 18. Bc2 Nd7 19. O-O gxf5 20. Rae1 Rad8 21.
Rf2 Kh8 22. Qd4+ Qf6 23. Re5 Rg8+ 24. Kf1 Nxe5 25. fxe5 Qg7 26. d6 f4 27. Rxf4
Rde8 28. Bxh7 Qg2+ 29. Ke1 Qg1+ 30. Qxg1 Rxg1+ 31. Kf2 Rd1 32. Bc2 Rd2+ 33. Ke3
Rxd6 34. Rh4+ Kg8 35. Rg4+ Kf8 36. Rxc4 Rxe5+ 37. Be4 Re7 38. Kf4 Rd2 39. h4
Rxa2 40. h5 b5 41. Rc8+ Kg7 42. Bd5 Rd2 43. Rd8 Rd3 44. Rd6 Rxc3 45. h6+ Kh8
46. Kf5 Kh7 47. Kf6 Rce3 48. Bc6 b4 49. Kg5 R3e6 0-1

[Event "27th Summer Universiade in Kazan (Men)"]
[Site "Kazan"]
[Date "2013.07.10"]
[Round "2.5"]
[White "Matlakov, Maxim"]
[Black "Nigalidze, Gaioz"]
[Result "1/2-1/2"]
[WhiteElo "2665"]
[BlackElo "2497"]
[PlyCount "96"]
[EventDate "2013.??.??"]

1. d4 Nf6 2. c4 g6 3. Nc3 Bg7 4. e4 d6 5. f3 O-O 6. Be3 c6 7. Qd2 a6 8. Bd3 b5
9. e5 Nfd7 10. f4 bxc4 11. Bxc4 Nb6 12. Bd3 a5 13. Nf3 Ba6 14. h4 Bxd3 15. Qxd3
Na6 16. h5 Nb4 17. Qe2 N6d5 18. Nxd5 Nxd5 19. Rd1 Qc8 20. Bc1 a4 21. a3 Rb8 22.
Ng5 Rb3 23. Rd3 Rxd3 24. Qxd3 Qg4 25. hxg6 hxg6 26. O-O f6 27. exf6 exf6 28.
Ne4 Re8 29. Nf2 Nxf4 30. Bxf4 Qxf4 31. Qxg6 Kf8 32. Ng4 Qxd4+ 33. Kh2 Re6 34.
Rf5 Re1 35. Rf2 Re4 36. Nxf6 Rh4+ 37. Kg3 Qe3+ 38. Rf3 Qe1+ 39. Rf2 Qe3+ 40.
Rf3 Qe1+ 41. Rf2 Rh6 42. Nd7+ Kg8 43. Nf6+ Kh8 44. Qe4 Qxe4 45. Nxe4 Re6 46.
Nc3 Bxc3 47. bxc3 Re3+ 48. Rf3 Re2 1/2-1/2

[Event "27th Summer Universiade in Kazan (Men)"]
[Site "Kazan"]
[Date "2013.07.10"]
[Round "2.7"]
[White "Amin, Bassem"]
[Black "Nestorovic, Nikola"]
[Result "1/2-1/2"]
[WhiteElo "2650"]
[BlackElo "2461"]
[PlyCount "93"]
[EventDate "2013.??.??"]

1. Nf3 Nf6 2. g3 b6 3. Bg2 Bb7 4. O-O e6 5. d3 d5 6. e4 dxe4 7. Nfd2 Nbd7 8.
Nc3 Be7 9. dxe4 e5 10. Qe2 O-O 11. Rd1 c6 12. Nf1 Qc7 13. Ne3 g6 14. Bh3 Rfd8
15. b3 Nc5 16. Bb2 b5 17. f3 Rxd1+ 18. Ncxd1 a5 19. a4 bxa4 20. bxa4 Ba6 21.
Qe1 Rd8 22. Bc3 Nb7 23. Bf1 Bxf1 24. Kxf1 Bc5 25. Nc4 Bd4 26. Rb1 Bxc3 27. Qxc3
Nd7 28. Nf2 f6 29. Nd3 Kg7 30. g4 Ndc5 31. g5 Nxd3 32. cxd3 Nc5 33. Nxa5 Nxa4
34. Qxc6 Qxc6 35. Nxc6 Rxd3 36. Rb7+ Kf8 37. Kf2 Rd6 38. Rb8+ Kg7 39. gxf6+
Kxf6 40. Nb4 Nc3 41. Rc8 Rd4 42. Rc6+ Kg5 43. Rxc3 Rxb4 44. Kg3 h5 45. h4+ Kf6
46. Rc6+ Kf7 47. Rc5 1/2-1/2

[Event "27th Summer Universiade in Kazan (Men)"]
[Site "Kazan"]
[Date "2013.07.10"]
[Round "2.8"]
[White "Atabayev, Maksat"]
[Black "Sjugirov, Sanan"]
[Result "1-0"]
[WhiteElo "2460"]
[BlackElo "2647"]
[PlyCount "165"]
[EventDate "2013.??.??"]

1. e4 c5 2. Nf3 d6 3. d4 cxd4 4. Nxd4 Nf6 5. Nc3 a6 6. Be2 e6 7. O-O Be7 8. f4
O-O 9. Kh1 Qc7 10. Be3 b5 11. a3 Bb7 12. Bd3 Nbd7 13. Qf3 Nc5 14. Bd2 Qb6 15.
Qe3 Rfe8 16. b4 Nxd3 17. cxd3 Rac8 18. Rac1 Ng4 19. Qg1 Bh4 20. g3 Bf6 21. Nb3
Qxg1+ 22. Kxg1 Bd8 23. h3 Bb6+ 24. d4 Nh6 25. g4 f6 26. Be3 Rc7 27. Rfd1 Rec8
28. Rd3 Nf7 29. Kf2 g5 30. f5 exf5 31. exf5 h5 32. Kg3 Nh6 33. Nd2 Re8 34. Bg1
h4+ 35. Kf2 Nf7 36. Kf1 Rec8 37. Nb3 Kg7 38. Be3 Re8 39. Kf2 Rce7 40. Re1 Kf8
41. Nd2 Rc8 42. Nb3 Rec7 43. Rc1 Ba8 44. Kf1 Re8 45. Kf2 Kg7 46. Re1 Rce7 47.
Red1 Ba7 48. Re1 Bb7 49. Red1 Bg2 50. Bc1 Ba8 51. Be3 Rc8 52. Re1 Rec7 53. Rc1
Bb6 54. Kf1 Nh6 55. Kf2 Ng8 56. d5 Bxe3+ 57. Kxe3 Ne7 58. Kd2 Rc4 59. Re1 Kf7
60. Re6 Rd8 61. Ne4 Nxd5 62. Nxd6+ Kg8 63. Nc5 Nf4 64. Nxc4 Nxd3 65. Nd6 Nf4
66. Rxf6 Nxh3 67. Ke3 Nf4 68. Kf2 h3 69. Kg3 Bd5 70. Nde4 Bxe4 71. Nxe4 Rd3+
72. Kh2 Re3 73. Nxg5 Kg7 74. Rxa6 Re2+ 75. Kh1 Re1+ 76. Kh2 Re2+ 77. Kg3 h2 78.
f6+ Kg6 79. f7+ Kg7 80. Rh6 Ng6 81. Rxg6+ Kxg6 82. f8=Q h1=Q 83. Qf7+ 1-0